000 00655nam a2200229 a 4500
999 _c3809
_d3809
001 3809
003 BD-JhCC
005 20171118191856.0
008 171118s2011 bg a|||| ||a| 001 0 ben d
020 _a9789848866269
035 _a(BD-JhCC)3809
040 _aBD-JhCC
_dBD-JhCC
041 _aben
082 _a891.4409
_b2011
100 _aখান, আকবর আলি
245 _aঅন্ধকারের উৎস হতে /
_cআকবর আলি খান,
260 _aঢাকা :
_bপাঠক সমাবেশ,
_c2011
300 _a231 p. :
_c22 cm.
650 _aBengali Literature
942 _2ddc
_cBK